[Event "Arvier Grand Paradis op-B 4th"]
[Site "Arvier"]
[Date "2017.08.05"]
[Round "7"]
[White "Virgilio, Gianluca"]
[Black "Ridolfo, Martin"]
[Result "1/2-1/2"]
[WhiteElo "1771"]
[BlackElo "1519"]
[PlyCount "62"]
[EventDate "2017.07.30"]
[EventType "swiss"]
[EventRounds "7"]
[EventCountry "ITA"]
[SourceTitle "EXT 2023"]
[Source "ChessBase"]
[SourceDate "2022.10.05"]
[SourceVersion "1"]
[SourceVersionDate "2022.10.05"]
[SourceQuality "1"]

1. d4 f5 2. Nf3 Nf6 3. g3 d6 4. Bg2 g6 5. c4 Bg7 6. Nc3 0-0 7. 0-0 Qe8 8. Re1 Nbd7 9. e4 fxe4 10. Nxe4 Nxe4 11. Rxe4 Nf6 12. Re1 c6 13. Qe2 e6 14. Bf4 Qd8 15. Rad1 Re8 16. Qd2 d5 17. c5 b6 18. b4 bxc5 19. bxc5 a5 20. Ne5 Bd7 21. Rb1 Qc8 22. Rb6 Nh5 23. Bg5 Qc7 24. Nxd7 Qxd7 25. g4 Nf6 26. f3 Qc7 27. Bf4 Qc8 28. Reb1 Nd7 29. Rb7 e5 30. Bg3 Qd8 31. f4 exd4 1/2-1/2